Hospital design 'failing patients' (Record no. 67303)
[ view plain ]
| 000 -LEADER | |
|---|---|
| fixed length control field | 00907cam a2200193 4500 |
| 001 - CONTROL NUMBER | |
| control field | WB3723-01 |
| 008 - FIXED-LENGTH DATA ELEMENTS--GENERAL INFORMATION | |
| fixed length control field | 000000n2001 000 0 eng u |
| 035 ## - SYSTEM CONTROL NUMBER | |
| System control number | (Sirsi) u113063 |
| 245 ## - TITLE STATEMENT | |
| Title | Hospital design 'failing patients' |
| 260 ## - PUBLICATION, DISTRIBUTION, ETC. | |
| Date of publication, distribution, etc. | 2001 |
| 490 ## - SERIES STATEMENT | |
| Series statement | Financial Times |
| Volume/sequential designation | 12 June 2001, 8(1) |
| 520 ## - SUMMARY, ETC. | |
| Summary, etc. | The Commission for Architecture and the Built Environment criticises hospitals being built under PFI for failing to incorporate the latest design ideas. CABE comments that the PFI approach encourages construction companies to design in cost-saving features to reduce running costs but offers no incentive to use design to improve the lot of patients and to make more attractive buildings. |
| 590 ## - LOCAL NOTE (RLIN) | |
| Local note | WB |
| 650 ## - SUBJECT ADDED ENTRY--TOPICAL TERM | |
| Topical term or geographic name entry element | PRIVATE FINANCE INITIATIVE |
| 650 ## - SUBJECT ADDED ENTRY--TOPICAL TERM | |
| Topical term or geographic name entry element | HOSPITALS |
| 650 ## - SUBJECT ADDED ENTRY--TOPICAL TERM | |
| Topical term or geographic name entry element | BUILT ENVIRONMENT-CONSTRUCTION DESIGN |
| 690 ## - LOCAL SUBJECT ADDED ENTRY--TOPICAL TERM (OCLC, RLIN) | |
| Topical term or geographic name as entry element | BUILT ENVIRONMENT-CONSTRUCTION DESIGN |
| 942 ## - ADDED ENTRY ELEMENTS (KOHA) | |
| Suppress in OPAC | 0 |
| Withdrawn status | Lost status | Source of classification or shelving scheme | Damaged status | Not for loan | Home library | Current library | Shelving location | Date acquired | Total Checkouts | Full call number | Barcode | Date last seen | Copy number | Price effective from | Koha item type |
|---|---|---|---|---|---|---|---|---|---|---|---|---|---|---|---|
| Dewey Decimal Classification | London | London | News article | 13/06/2001 | WB3723-01 | 113063-1001 | 06/08/2019 | 1 | 06/08/2019 | News article |